000
00236 a2200097 4500
001
18991
100
_a
A S M E
245
_a
Interments and Apparatus :Temperature Measurement PT-III
260
_a
_b
A S M E
_c
1961
090
_c
14074
_d
14074
942
_a
NUST-CAE
_c
M
_c
4530
999
_c
254064
_d
254064